| 000 | 00355nam a2200133Ia 4500 | ||
|---|---|---|---|
| 008 | 240624s9999 xx 000 0 und d | ||
| 041 | _aeng | ||
| 082 | _a658.40822 RAI | ||
| 100 | _aRAINEY DAVID L | ||
| 245 | _aSUSTAINABLE BUSINESS DEVELOPMENT INVENTI | ||
| 260 |
_c2010 _aNew Delhi _bCambridge University Press |
||
| 300 | _a764 : p. | ||
| 365 |
_cBPS _b27 |
||
| 999 |
_c15840 _d15840 |
||